000 01305nam0a2200325 4500
001 RU\NLR\bibl\108668
005 20250617090938.0
010 _a5-7029-0228-9
_91000
021 _aRU
_b2000-20550
_9967
035 _a(NLR Aleph) 000106358
090 _a602210
_c602210
100 _a20000918d2000 |||y0rusy50 ca
101 0 _arus
102 _aRU
105 _ac z |||||
200 1 _aВетераны всегда в строю
_eОб истории и опыте работы Ижев. гор. ветеран. орг.
_fБ.Г. Аминов
210 _aИжевск
_cУдмурт. ун-т
_d2000
215 _a278,[1] с.
_cпортр.
_d20
300 _aНа 225-й с. авт.: Аминов Б.Г., к.э.н., доц.
601 0 2 _aИжевский гор. совет ветеранов войны и труда
_2psbo
606 1 _aВетераны войны и труда
_xОрганизации
_yИжевск, город (Удмуртия)
_92177689
_3RU\NLR\auth\661309706
686 _aТ3(2)74-38
686 _aФ7(2)
700 1 _aАминов
_bБ. Г.
_f1924-
_gБорис Гареевич
_4070
801 0 _aRU
_bNLR
_c20000918
_gPSBO
801 1 _aRU
_bNLR
_c20000918
852 _aNLR
_j2000-3/9767
942 _cBOOK
980 _aNB